000 00557nam a22002051a 4500
001 1867
003 OSt
005 20260204211750.0
008 040122s1995||||mx ||||||b||||||||||spa||
020 _a9684222998
050 _a540 Z95f
082 _a540 Z95f
100 _aZumdahl, Steven S.
245 _aFundamentos de química / Steven Zumdahl.--Traducción: María Teresa Aguilar Ortega
264 _aMéxico : McGraw-Hill / Interamericana, S.A.
300 _a712, (51) P.
500 _aIncluye indice
650 _a1.Química IÌ
942 _2ddc
_cBK
999 _c1867
_d1867